00762nam a2200205Ia 4500001001000000003000500010008004100015010001100056040000900067082001400076100002800090245019100118260008000309300001100389440004100400650002000441650001800461700003600479700004100515Para_9269CHAP220125s2002 xx 000 0 und d a208007 cCHAP a595.79 R8 aRuíz Cancino, Enrique aContribución al conocimiento de Icheneumonidae (Hymenoptera) del sureste de México /c por Enrique Ruíz Cancino, Juana María Coronado Blanco y José Alfredo Martínez Ramírez aCd. Victoria, Tamaulipas, México :b Universidad Autónoma de Tamaulipas a119 p. aSerie Publicaciones Científicas; 5 aHimenópteros  aIchneumonidae aCoronado Blanco, Juana María  aMartínez Ramírez, José Alfredo